Book Reviews /
محفوظ في:
المؤلف الرئيسي:
التنسيق: كتاب
اللغة: Undetermined
الوصول للمادة أونلاين: Login to view Source
الوسوم: إضافة وسم
لا توجد وسوم, كن أول من يضع وسما على هذه التسجيلة!
رقم الطلب:
| LEADER | 00371nam a2200097Ia 4500 | ||
|---|---|---|---|
| 008 | 220712s9999||||xx |||||||||||||| ||und|| | ||
| 100 | 1 | |a Reviews, Book. | |
| 245 | 1 | 0 | |a Book Reviews / |c Book Reviews. |
| 856 | 4 | |u https://lockwoodonlinejournals.com/index.php/jarce/workflow/access/63 | |
| 952 | |0 0 |1 0 |4 0 |7 1 |9 42343 |a JARCE |b JARCE |d 2022-08-09 |l 0 |r 2022-08-09 00:00:00 |w 2022-08-09 |y PT | ||
| 999 | |c 49106 |d 49106 | ||
